MARC details
| 000 -CABECERA |
| campo de control de longitud fija |
00955nam a2200301 a 4500 |
| 005 - FECHA Y HORA DE LA ÚLTIMA TRANSACCIÓN |
| campo de control |
20260327064204.0 |
| 008 - ELEMENTOS DE LONGITUD FIJA--INFORMACIÓN GENERAL |
| campo de control de longitud fija |
030127s2000 sp r 000 0 spa d |
| 020 ## - NÚMERO INTERNACIONAL NORMALIZADO PARA LIBROS |
| Número Internacional Estándar del Libro |
8474327245 |
| 035 ## - NÚMERO DE CONTROL DEL SISTEMA |
| Número de control de sistema |
UPN01000121642 |
| 040 ## - FUENTE DE LA CATALOGACIÓN |
| Centro catalogador/agencia de origen |
UPN |
| Lengua de catalogación |
spa |
| Centro/agencia transcriptor |
UPN |
| 041 1# - CÓDIGO DE IDIOMA |
| Código de lengua del texto/banda sonora o título independiente |
spa |
| Código de lengua original |
eng |
| 049 ## - COLECCIÓN |
| Colección |
CG |
| 050 #4 - SIGNATURA TOPOGRÁFICA DE LA BIBLIOTECA DEL CONGRESO |
| Número de clasificación |
LB2369 |
| Número de documento/Ítem |
W3.38 |
| 100 1# - ASIENTO PRINCIPAL--NOMBRE PERSONAL |
| Nombre de persona |
Walker, Melissa |
| 240 1# - TÍTULO UNIFORME |
| Título uniforme |
Writing research papers. |
| Lenguaje de la obra |
Español |
| 245 10 - MENCIÓN DE TÍTULO |
| Título |
Cómo escribir trabajos de investigación / |
| Mención de responsabilidad, etc. |
Melissa Walker ; tr. José A. Alvarez. |
| 250 ## - MENCIÓN DE EDICIÓN |
| Mención de edición |
1a ed. |
| 260 ## - PUBLICACIÓN, DISTRIBUCIÓN, ETC. |
| Lugar de publicación, distribución, etc. |
Barcelona, España : |
| Nombre del editor, distribuidor, etc. |
Gedisa, |
| Fecha de publicación, distribución, etc. |
c2000. |
| 300 ## - DESCRIPCIÓN FÍSICA |
| Extensión |
473 p. |
| 440 #0 - MENCIÓN DE SERIE/ASIENTO SECUNDARIO--TÍTULO |
| Título |
Biblioteca de educación. |
| Nombre de parte o sección de la obra |
Herramientas universitarias ; |
| Designación de volumen o secuencia |
3 |
| 500 ## - NOTA GENERAL |
| Nota general |
Traducción de: Writing research papers. |
| 504 ## - NOTA DE BIBLIOGRAFÍA, ETC. |
| Nota de bibliografía, etc. |
Incluye índice. |
| 650 #4 - ASIENTO SECUNDARIO DE MATERIA - TERMINO TEMATICO |
| Término de materia o nombre geográfico como elemento de entrada |
Redacción de informes |
| 9 (RLIN) |
12161 |
| 650 #4 - ASIENTO SECUNDARIO DE MATERIA - TERMINO TEMATICO |
| Término de materia o nombre geográfico como elemento de entrada |
Investigación |
| Subdivisión general |
Metodología |
| 9 (RLIN) |
5209 |
| 700 1# - ASIENTO SECUNDARIO--NOMBRE DE PERSONAL |
| 9 (RLIN) |
43705 |
| Nombre de persona |
Alvarez, José Angel |
| Término indicativo de función/relación |
traductor |
| 905 ## - TIPO DE MATERIAL |
| Tipo de material |
Libro |
| 942 ## - ELEMENTOS DE PUNTO DE ACCESO ADICIONAL (KOHA) |
| Fuente del sistema de clasificación o colocación |
Library of Congress Classification |
| Tipo de ítem Koha |
Libro |